[Event "Prva liga Centralne Srbije 2007"]
[Site "?"]
[Date "2007.09.09"]
[Round "1.6"]
[White "Todorovic, Bojan"]
[Black "Rajkovic, Ljubisa"]
[Result "1-0"]
[WhiteElo "2275"]
[BlackElo "2189"]
[PlyCount "69"]
[EventDate "2007.09.13"]

1. c4 Nf6 2. g3 c6 3. Bg2 d5 4. Nf3 Bf5 5. Qb3 Qb6 6. Qxb6 axb6 7. cxd5 Bxb1 8.
Rxb1 Nxd5 9. a3 Nd7 10. d4 e6 11. O-O b5 12. e4 N5f6 13. Re1 Nb6 14. Ne5 Rd8
15. Be3 Nbd7 16. Nxd7 Rxd7 17. d5 cxd5 18. e5 d4 19. Bxd4 Rxd4 20. exf6 Kd8 21.
Re5 Kc8 22. Rxb5 Rd7 23. Rc1+ Kb8 24. Bf3 gxf6 25. Rc3 Bd6 26. Rcb3 Kc8 27.
Bxb7+ Kd8 28. a4 Rc7 29. a5 Rc1+ 30. Kg2 Ra1 31. Bc6 Kc7 32. Bf3 Rc8 33. Rb7+
Kd8 34. Rd3 Rc7 35. Rxd6+ 1-0

[Event "Prva liga Centralne Srbije 2007"]
[Site "?"]
[Date "2007.09.09"]
[Round "1.6"]
[White "Jakovljevic, Zivota"]
[Black "Markovic, Dejan"]
[Result "1-0"]
[WhiteElo "2131"]
[BlackElo "2309"]
[PlyCount "177"]
[EventDate "2007.09.13"]
[WhiteTeam "Zadrugar"]
[BlackTeam "Progres"]

1. d4 d5 2. c4 c6 3. Nf3 Nf6 4. Nc3 dxc4 5. a4 Bf5 6. Ne5 e6 7. f3 Bb4 8. Nxc4
h6 9. g3 Nbd7 10. e4 Bg6 11. Bg2 O-O 12. O-O Re8 13. Qb3 Nb6 14. Be3 Nxc4 15.
Qxc4 a5 16. Rfd1 Rc8 17. Bf2 Qc7 18. Rdc1 Red8 19. Na2 Be7 20. b4 axb4 21. Nxb4
Qa5 22. Nd3 Nd7 23. Qb3 Rb8 24. h4 Bh7 25. Be1 Qa7 26. Bf2 Qa5 27. Be1 Qa6 28.
Bf1 Qa7 29. Bf2 Qa5 30. Nb2 Rdc8 31. Nc4 Qc7 32. a5 b5 33. axb6 Nxb6 34. Nxb6
Rxb6 35. Qa2 Qb8 36. Rab1 Rb4 37. Rxb4 Qxb4 38. Qa6 Qb8 39. Rxc6 Rxc6 40. Qxc6
Bd6 41. Kg2 g5 42. hxg5 hxg5 43. Bb5 Kg7 44. d5 exd5 45. Qxd5 g4 46. Bd4+ Kf8
47. Bc4 gxf3+ 48. Kxf3 Bg6 49. e5 Be7 50. e6 f6 51. Bc5 Qc7 52. Be3 Kg7 53. Qd7
Qxd7 54. exd7 Bd8 55. Be6 Bf7 56. Bf5 Bd5+ 57. Kg4 Kf7 58. Bc5 Be6 59. Bd6 Bb6
60. Kf4 Bd5 61. Kg4 Be6 62. Kf4 Bd5 63. g4 Bc6 64. Kg3 Bd8 65. Kf2 Bb6+ 66. Ke2
Bb5+ 67. Kd2 Bc6 68. Kc3 Ba5+ 69. Kc4 Bb6 70. Kb4 Bd8 71. Kc5 Ba4 72. Kd5 Kg7
73. Bb8 Kf7 74. Kd6 Bb3 75. Bc7 Be7+ 76. Kc6 Ba4+ 77. Kb7 Kg7 78. d8=Q Bxd8 79.
Bxd8 Bd1 80. Kc6 Kf7 81. Kd6 Bb3 82. Ba5 Ba2 83. Be4 Kf8 84. Bc3 Kg7 85. g5 Kf7
86. gxf6 Kf8 87. Bd5 Bb1 88. Ke6 Bg6 89. Bb4+ 1-0

[Event "Prva liga Centralne Srbije 2007"]
[Site "?"]
[Date "2007.09.09"]
[Round "1.6"]
[White "Jonic, Vladimir"]
[Black "Klcesko, Nebojsa"]
[Result "0-1"]
[WhiteElo "2208"]
[BlackElo "1887"]
[PlyCount "76"]
[EventDate "2007.09.13"]

1. e4 c6 2. d4 d5 3. e5 Bf5 4. Nc3 e6 5. g4 Bg6 6. Nge2 Be7 7. Bg2 Nd7 8. f4
Bh4+ 9. Kf1 f6 10. Be3 Nh6 11. h3 fxe5 12. dxe5 O-O 13. Kg1 c5 14. Nxd5 exd5
15. Bxd5+ Kh8 16. Bxb7 Rb8 17. Bc6 Rxb2 18. Bxd7 Rxc2 19. Rh2 Qa8 20. f5 Qf3
21. Bxh6 gxh6 22. Bc6 Qe3+ 23. Kh1 Rd2 24. Qf1 Qxe5 25. Rd1 Rxa2 26. Qf3 Be8
27. Bd5 Rb2 28. Rg2 Bb5 29. Nc3 Rxg2 30. Kxg2 a6 31. Ne4 h5 32. Rd2 c4 33. Be6
Bc6 34. Re2 c3 35. Bb3 Rb8 36. Bc2 Rb2 37. Qd3 Bb5 38. Qe3 Bxe2 0-1